| 000 | 00359nam a22001457a 4500 | ||
|---|---|---|---|
| 003 | OSt | ||
| 008 | 240828b |||||||| |||| 00| 0 eng d | ||
| 020 | _a9788120804869 | ||
| 082 |
_a355.02 _bSIA |
||
| 100 | _aSINGH, Sarva Daman | ||
| 245 | _aAncient Indian Warfare | ||
| 260 |
_aDelhi: _bMotilal Banarsidass, _c1965. |
||
| 300 | _axix,203p. | ||
| 942 |
_2ddc _cBK |
||
| 999 |
_c12830 _d12830 |
||